000 00744nam a2200217Ii 4500
001 18434
003 CO-ViMGA
008 241108s9999||||xx |||||||||||||| ||und||
020 _a9789589942116
040 _aCO-ViMGA
_bspa
_erda
_cCO-ViMGA
041 0 _aspa
082 0 4 _a817.44 R18d
100 1 _aJosé María Raventós Rabinat
_949007
245 1 0 _aLos divertimentos de José María Raventós :
_blos que se escuchan por caracol radio en 6 am hoy por hoy de Darío Arizmendi
264 1 _aBogotá, Colombia : Centro del Pensamiento Creativo, 2008
300 _avolumen
336 _atext
_btxt
_2rdacontent
337 _aunmediated
_bn
_2rdamedia
338 _avolume
_bnc
_2rdacarrier
940 _aidficha_siabuc: 18097. -- ficha_no_siabuc:18434
999 _c43650
_d43650